It looks like you're offline.
Open Library logo
additional options menu

MARC record from Internet Archive

LEADER: 00814cam 2200229 a 4500
001 96000482
003 DLC
005 20041228192900.0
008 960117s1996 nyu b 001 0 eng
010 $a 96000482
020 $a0684827484
040 $aDLC$cDLC$dDLC
050 00 $aHD4905$b.N65 1996
082 00 $a306.3/6$220
100 1 $aNovak, Michael.
245 10 $aBusiness as a calling :$bwork and the examined life /$cMichael Novak.
260 $aNew York :$bThe Free Press,$c1996.
300 $ax, 246 p. ;$c20 cm.
504 $aIncludes bibliographical references (p. 227-233) and index.
650 0 $aWork ethic.
856 42 $3Contributor biographical information$uhttp://www.loc.gov/catdir/bios/simon051/96000482.html
856 42 $3Publisher description$uhttp://www.loc.gov/catdir/description/simon032/96000482.html